Farmasötik ve medisinal kimya ders kitabı (yapı-etki ilişkileri) (Record no. 3148)

000 -LEADER
fixed length control field 00838nmm a2200253 a 4500
001 - CONTROL NUMBER
control field ocm000703808
003 - CONTROL NUMBER IDENTIFIER
control field TR-IsHL
005 - DATE AND TIME OF LATEST TRANSACTION
control field 20201028124816.0
008 - FIXED-LENGTH DATA ELEMENTS--GENERAL INFORMATION
fixed length control field 130902s1978 tu tur
007 - PHYSICAL DESCRIPTION FIXED FIELD--GENERAL INFORMATION
fixed length control field cr cn
035 ## - SYSTEM CONTROL NUMBER
System control number 703808
-- (N$T)
050 04 - LIBRARY OF CONGRESS CALL NUMBER
Classification number QV744
Item number .N69 1978
090 04 - LOCALLY ASSIGNED LC-TYPE CALL NUMBER (OCLC); LOCAL CALL NUMBER (RLIN)
Classification number (OCLC) (R) ; Classification number, CALL (RLIN) (NR) QV744
Local cutter number (OCLC) ; Book number/undivided call number, CALL (RLIN) .N69 1978
100 1# - MAIN ENTRY--PERSONAL NAME
Personal name Noyanalpan, Ningur
245 10 - TITLE STATEMENT
Title Farmasötik ve medisinal kimya ders kitabı (yapı-etki ilişkileri)
Medium [electronic resource] /
Statement of responsibility, etc. Ningur Noyanalpan
260 ## - PUBLICATION, DISTRIBUTION, ETC.
Place of publication, distribution, etc. Ankara :
Name of publisher, distributor, etc. Ankara Üniversitesi Eczacılık Fakültesi,
Date of publication, distribution, etc. 1978
300 ## - PHYSICAL DESCRIPTION
Extent 164 p.
650 #4 - SUBJECT ADDED ENTRY--TOPICAL TERM
Topical term or geographic name entry element Tıp
650 #4 - SUBJECT ADDED ENTRY--TOPICAL TERM
Topical term or geographic name entry element Medicine
650 #0 - SUBJECT ADDED ENTRY--TOPICAL TERM
Topical term or geographic name entry element Farmasötik kimya
650 #0 - SUBJECT ADDED ENTRY--TOPICAL TERM
Topical term or geographic name entry element Pharmaceutical chemistry
650 #7 - SUBJECT ADDED ENTRY--TOPICAL TERM
Topical term or geographic name entry element MEDICAL / Pharmacology
Source of heading or term bisacsh
856 40 - ELECTRONIC LOCATION AND ACCESS
Uniform Resource Identifier <a href="http://search.ebscohost.com/login.aspx?direct=true&scope=site&db=e011xww&AN=703808">http://search.ebscohost.com/login.aspx?direct=true&scope=site&db=e011xww&AN=703808</a>
Holdings
Withdrawn status Lost status Source of classification or shelving scheme Damaged status Not for loan Collection code Permanent Location Current Location Date acquired Total Checkouts Full call number Barcode Date last seen Price effective from Koha item type
        Online   Kıbrıs Amerikan Üniversitesi Kütüphanesi / American University of Cyprus Kıbrıs Amerikan Üniversitesi Kütüphanesi / American University of Cyprus 28.10.2020   QV744 .N69 1978 703808 28.10.2020 28.10.2020 E-Kitap
Devinim Yazılım Eğitim Danışmanlık tarafından Koha'nın orjinal sürümü uyarlanarak geliştirilip kurulmuştur.